| 000 | 00367nam a22001337a 4500 | ||
|---|---|---|---|
| 082 |
_a940.4 _bIRO |
||
| 100 |
_aIronside, Edmund _949666 |
||
| 245 | _aTannenberg | ||
| 260 |
_aLondon: _bWilliam Blackwood and Sons Edinburgh and London, _c1925 |
||
| 300 |
_a306 p,; _bMaps;: _c19cm |
||
| 526 |
_a0 _b0 _c0 _d940_400000000000000_IRO |
||
| 650 |
_aMCE _9379 |
||
| 942 |
_2ddc _cBK |
||
| 999 |
_c552454 _d552454 |
||